LEADER 01055nam a2200217 i 4500 001 000000156733 003 CaOOAMICUS 005 20061213000000.0 008 061213s1926 it u000 u ita u 013 $a134088 040 $aSeMil$bita 100 1 $aBertarelli, Luigi Vittorio <1859-1926>.$0(OLS)http://semarc/name/7716 245 10$a[Duemila grotte :$bquarant'anni di esplorazioni nella Venezia Giulia /$cL. V. Bertarelli ed E. Boegan]. 260 $aMilano :$bTouring Club Italiano,$c1926. 300 $a2 fogli alla scala di 1 :$b100000, annessi al volume 4Y-V-35. 650 4$aVenezia Giulia - Caverne - Guide.$0(OLS)http://semarc/subject/30507 700 1 $aBoegan, Eugenio.$0(OLS)http://semarc/name/60991 850 $aSeMil 852 $aSeMil$W1$xVenegono$y1$m4Y V 35/1$j242353$B108482$CSeMilBibl$Z2$F118046 $81 996 $6245$a[Duemila grotte :$bquarant'anni di esplorazioni nella Venezia Giulia$9(OLS)http://semarc/title/229774 996 $6260$aMilano :$bTouring Club Italiano$9(OLS)http://semarc/publisher/29688 LEADER 00889nam a2200205 i 4500 001 000000212635 003 CaOOAMICUS 005 20120420000000.0 008 120420s1814 it u000 u mul u 013 $a191483 026 $aZOIO a-ta hee, trno (3) 1814 (R) 040 $aSeMil$bita 245 10$aVol. 17. 260 $aBrescia :$bNicolò Bettoni,$c1814. 300 $a229, [5] p. 773 0 $aLivius, Titus <59 a.C.-17.d.C.>$tStoria romana di Tito Livio coi supplementi del Freinsemio tradotta dal C. Luigi Mabil col testo a fronte. Volume 1. [-39.].$dBrescia : Dalla Tipografia Dipartimentale Bettoni Inspettore, 1804-1818.$g17$w()26647 850 $aSeMil 852 $aSeMil$W1$xVenegono$y1$m1Y III 41 FA$j163069$B163069$CSeMilBibl$Z2$F174192 $8I 996 $6245$aVol. 17$9(OLS)http://semarc/title/298820 996 $6260$aBrescia :$bNicolò Bettoni$9(OLS)http://semarc/publisher/36739